1965 1650 1523 1760 1743 1195 1544 1600 1932 1124 1471 1034 1332 1422 1814 1350 1421 1073 1432 1817 1726 1802 1432 1613 1863 1915 1028 1437 1166 1637 1109 1757 1989 1474 1664 1595 1302 1660 1799 1098 1009 1996 1963 1399 1292 1108 1023 1932 1696 1431 1695 1749 1423 1732 1681 1884 1843 1728 1311 1935 1162 1004 1908 1197 1341 1963 1655 1033 1119 1299 1595 1491 1061 1244 1346 1977 1221 1695 1918 1733 1521 1294 1406 1254 1092 1327 1737 1126 1036 1171 1549 1892 1129 1900 1479 1304 1326 1176 1927 BCNSPRNW ULIB Ver.6.0+V

เปลี่ยนเป็นภาษาไทย

Change to English
 แสดงรายละเอียดบรรณานุกรม
  กลับหน้าหลัก

Brief Record : Get Marc (ISO 2709) : E-mail record : QR code < ปิดหน้าต่าง
LEADER : 00000nam 2200000uu 4500
001    13399128828
003     ULIB
008    241009s2563||||th 000 0 tha d
020    ^a9786164434349
060 04 ^aWY20.5^bม124ก
100 0  ^aมณี อาภานันทิกุล
245 10 ^aการวิจัยปรากฏการณ์วิทยา :^bการประยุกต์ใช้ในการวิจัยทางการพยาบาล /^cมณีอาภานันทิกุล
246 31 ^aPhenomenology : an application in nursing research
250    ^aพิมพ์ครั้งที่ 1
260    ^aกรุงเทพฯ :^bโครงการตำรารามาธิบดีคณะแพทยศาสตร์โรงพยาบาลรามาธิบดี มหาวิทยามหิดล,^c2563
300    ^aix, 284 หน้า :^bภาพประกอบ ;^c27 ซม.
650  2 ^aPhenomenology
650  2 ^aNursing^xResearch
650  4 ^aปรากฏการณ์วิทยา
650  4 ^aการพยาบาล^vวิจัย
710 2  ^aมหาวิทยามหิดล.^bคณะแพทยศาสตร์โรงพยาบาลรามาธิบดี
856    ^a^zสารบัญ^uhttps://drive.google.com/file/d/1jAR-_9_oYfdUAJaSKTYSPQjejHyDVI0J/view?usp=share_link
945    ^p300^l0^i011027
945    ^p300^l0^i011028
945    ^p300^l0^i011029
999    ^aประนอม เกษจรัล
รายการนี้ยังไม่มีแท็ก
คุณยังไม่ได้ล็อกอิน คุณสามารถมีกิจกรรมร่วมกับเว็บไซต์ได้ แต่ต้องล็อกอินก่อน ::
  ล็อกอิน

รายการสื่อสารสนเทศ

ลำดับที่ ประเภท เลขเรียก/บาร์โค้ด สถานที่ สถานะ
1. Book การพยาบาล
หนังสือสำรอง
สถานะ=หนังสือสำรอง
WY20.5 ม124ก ฉ.1 
  Barcode: 011027
ห้องสมุดวิทยาเขตสวรรค์ประชารักษ์
►หนังสือทั่วไป
บนชั้น
2. Book การพยาบาล
Book การพยาบาล
WY20.5 ม124ก ฉ.2 
  Barcode: 011028
ห้องสมุดวิทยาเขตสวรรค์ประชารักษ์
►หนังสือทั่วไป
บนชั้น
3. Book การพยาบาล
Book การพยาบาล
WY20.5 ม124ก ฉ.3 
  Barcode: 011029
ห้องสมุดวิทยาเขตสวรรค์ประชารักษ์
►หนังสือทั่วไป
บนชั้น

รายการใกล้เคียง
    ผู้แต่ง [มณี อาภานันทิกุล]

    หัวเรื่อง [Phenomenology]
    หัวเรื่อง [Nursing Research]
    หัวเรื่อง [ปรากฏการณ์วิทยา]

BibComment


ยังไม่เคยถูกคอมเมนท์

คอมเมนท์ทรัพยากรรายการนี้
  คอมเมนท์: การวิจัยปรากฏการ..


 Copyright 2026. Bcnsprnw @Library